000
00301nam a22001337a 4500
008
181016b xxu||||| |||| 00| 0 eng d
020
_a
9780000088888
041
_a
eng
080
_2
14 ED
_a
339.138
100
_a
60
101
_a
MAT
245
_a
Basic Marketing
_c
William.D.P
942
_2
udc
_c
BK
999
_c
49945
_d
49945